Cat naps : the secret life of cats

Bibliographic Details
Main Author: Wechterowicz, Przemyslaw
Other Authors: Walentynowicz, Kasia
Format: Book
Published: Brighton : Book House , 20--?
Subjects:

MARC

LEADER 00000cam a2200000 7i4500
001 0000241971
005 20200219114339.0
020 |a 9781912537839 
090 0 0 |a 636.8   |b WEC 
100 1 |a Wechterowicz, Przemyslaw 
245 1 4 |a Cat naps :   |b the secret life of cats   |c Przemyslaw Wechterowicz ; illustrated by Kasia Walentynowicz 
260 |a Brighton :   |b Book House ,   |c 20--? 
300 |a 1 v. (unpaged) :   |b ill. ;   |c 16cm. 
650 0 |a Cats   |v Humor 
650 0 |a Cats   |v Humor   |v Pictorial works 
700 1 |a Walentynowicz, Kasia 
999 |a 00378219   |b BUKU   |c PINJAMAN   |e PERPUSTAKAAN KOMUNITI PETALING JAYA